Quiz sur Mélissa - Statistiques

Statistiques générales
  • Ce quiz a été pris 28 fois
  • Le résultat moyen est 6 sur 15
Statistiques - réponses
Question Réponse % Correct
Ma phobie ? les araignées
71%
Comment s'appelle mon chat ? Oréo
57%
Ma saison préférer ? été
54%
Ma fleur préférer ? fleur de cerisier
54%
Comment s'appeler mon lapin ? Milo
50%
Mon application préférer ? Tik tok
39%
Ma date d'anniversaire ? 11 novembre 2008
36%
Mon fruit préférer ? fraise
36%
Mon film préférer ? Titanic
36%
Ma série préférer ? Stranger things
32%
Mon plat préférer ? Moule + frite
29%
Mon personnage préférer de Miraculous ? Alix
21%
Mon jeux vidéo préférer ? GTA
18%
Mon sport préférer ? Le hip pop
14%
Mon animé préférer ? Naruto
14%
Aucun quiz correspondant
Distribution des résultats
% des personnes avec chaque résultat
Percentile par nombre de réponses
Votre historique - résultats
Vous n’avez pas pris ce quiz